000
00333nam a2200133Ia 4500
008
240624s9999 xx 000 0 und d
041
_a
eng
082
_a
920 SHE
100
_a
SHEWAN M A
245
_a
M G RAMACHANDRAN
260
_c
2012
_a
Mumbai
_b
Himalaya Publishing House
300
_a
ix, : 254 : p. : cm. ; 22
365
_c
RS
_b
30
999
_c
19541
_d
19541